| 000 | 00991nam a2200253 a 4500 | ||
|---|---|---|---|
| 001 | 74092 | ||
| 003 | BD-RjUL | ||
| 005 | 20211209082507.0 | ||
| 008 | 180222s20142011bg a|||| b||| 000 0 ben d | ||
| 020 |
_a9789842001642 _cTk. 240.00 |
||
| 035 | _a(BD-RjUL)74310 | ||
| 040 |
_aBD-RjUL _beng _cBD-RjUL |
||
| 041 | _aben | ||
| 082 |
_223 _a953.8 _bSAP 2014 |
||
| 100 | 1 |
_aসাথী, সিরাজ উদ্দিন _9135628 |
|
| 245 | 1 | 0 |
_aপবিত্র মক্কা নগরীর ইতিহাস / _cসিরাজ উদ্দিন সাথী, |
| 250 | _a২য় সংস্ক্ররণ | ||
| 260 |
_aঢাকা : _bঅ্যাডর্ন পাব , _c২০১৪ |
||
| 300 |
_a১৪২ পৃ. : _bছবি ; _c২২ সেমি। |
||
| 504 | _aনির্ঘন্ট সম্ব্লিত | ||
| 651 |
_aমক্কা (সৌদীআরব) _vইতিহাস _9220252 |
||
| 651 |
_aMecca (Saudi Arabia) _vHistory _9220253 |
||
| 942 |
_2ddc _cBK |
||
| 999 |
_c74092 _d74092 |
||